<?xml version="1.0" encoding="UTF-8"?><?xml-stylesheet type="text/xsl" href="static/style.xsl"?><OAI-PMH xmlns="http://www.openarchives.org/OAI/2.0/" xmlns:xsi="http://www.w3.org/2001/XMLSchema-instance" xsi:schemaLocation="http://www.openarchives.org/OAI/2.0/ http://www.openarchives.org/OAI/2.0/OAI-PMH.xsd"><responseDate>2026-04-13T01:34:02Z</responseDate><request verb="GetRecord" identifier="oai:www.recercat.cat:2072/301778" metadataPrefix="marc">https://recercat.cat/oai/request</request><GetRecord><record><header><identifier>oai:recercat.cat:2072/301778</identifier><datestamp>2025-03-18T15:32:52Z</datestamp><setSpec>com_2072_220028</setSpec><setSpec>com_2072_4427</setSpec><setSpec>col_2072_220405</setSpec></header><metadata><record xmlns="http://www.loc.gov/MARC21/slim" xmlns:dcterms="http://purl.org/dc/terms/" xmlns:xsi="http://www.w3.org/2001/XMLSchema-instance" xmlns:doc="http://www.lyncode.com/xoai" xsi:schemaLocation="http://www.loc.gov/MARC21/slim http://www.loc.gov/standards/marcxml/schema/MARC21slim.xsd">
   <leader>00925njm 22002777a 4500</leader>
   <datafield ind2=" " ind1=" " tag="042">
      <subfield code="a">dc</subfield>
   </datafield>
   <datafield ind2=" " ind1=" " tag="720">
      <subfield code="a">Gallego-Valle, Abel</subfield>
      <subfield code="e">author</subfield>
   </datafield>
   <datafield ind2=" " ind1=" " tag="720">
      <subfield code="a">Rivals, Florent</subfield>
      <subfield code="e">author</subfield>
   </datafield>
   <datafield ind2=" " ind1=" " tag="720">
      <subfield code="a">Colominas Barberà, Lídia</subfield>
      <subfield code="e">author</subfield>
   </datafield>
   <datafield ind2=" " ind1=" " tag="720">
      <subfield code="a">Palet i Martínez, Josep M.</subfield>
      <subfield code="e">author</subfield>
   </datafield>
   <datafield ind2=" " ind1=" " tag="260">
      <subfield code="c">2017</subfield>
   </datafield>
   <datafield ind2=" " ind1=" " tag="520">
      <subfield code="a">En este artículo presentamos un estudio sobre la gestión alimentaria que se realizó del ganado ovino durante el periodo romano en el Empordà (noreste peninsular). Usando la técnica del microdesgaste dentario, hemos analizado noventa y nueve dientes de ovejas de Empúries, Mas Gusó y Tolegassos. Esta nos ha proporcionado datos acerca de las últimas ingestas que realizaron los animales estudiados. Los resultados permiten proponer un sistema de explotación ganadero del medio, que se complementaría con la agricultura, haciendo uso de la vegetación asociada a las marismas del Empordà. Este modelo de explotación es inédito, ya que no es mencionado en los tratados romanos.</subfield>
   </datafield>
   <datafield ind2=" " ind1=" " tag="520">
      <subfield code="a">In this paper, we use a zooarchaeological approach to study the management of the ovine herds during the Roman period in the Empordà plain (northeast of the Iberian Peninsula). Using the dental microwear technique, we analysed ninety-nine tooth remains of sheep from Empúries, Mas Gusó and Tolegassos. This provided us with information about the last food intake of the animals studied. The results allowed us to propose an exploitation system of the environment for livestock that
complemented agriculture, making use of the vegetation associated with wetlands in the Empordà plain. This exploitation system has never been documented before, as is not mentioned in the Roman treatises.</subfield>
   </datafield>
   <datafield ind1="8" ind2=" " tag="024">
      <subfield code="a">Gallego, A.; Rivals, F.; Colominas, L.; Palet, J. M. (2017) "Pastando en las marismas. Una aproximación desde la técnica del microdesgaste dentario a la alimentación del ganado ovino en el Empordà romano (noreste de la Península Ibérica)", Pyrenae, Vol. 48, núm. 1, p. 93-113</subfield>
   </datafield>
   <datafield ind1="8" ind2=" " tag="024">
      <subfield code="a">http://hdl.handle.net/2072/301778</subfield>
   </datafield>
   <datafield ind1="8" ind2=" " tag="024">
      <subfield code="a">https://doi.org/10.1344/Pyrenae2017.vol48num1.4</subfield>
   </datafield>
   <datafield ind2="0" ind1="0" tag="245">
      <subfield code="a">Pastando en las marismas. Una aproximación desde la técnica del microdesgaste dentario a la alimentación del ganado ovino en el Empordà romano (noreste de la Península Ibérica)</subfield>
   </datafield>
</record></metadata></record></GetRecord></OAI-PMH>